000 01056nam a2200325 a 4500
001 65805
003 BD-RjUL
005 20211209081451.0
008 170312s1973 enka b 001 0 eng d
020 _a0192158058
_c
035 _a(BD-RjUL)
040 _aDLC
_cDLC
_dm.c.
_dBD-RjUL
_beng
041 _aeng
082 _223
_a956.95
_bGUP 1973
090 _aDS154.9.K35
_bG921
099 _aDS154.9.K35.G921
100 1 _aGubser, Peter.
_9194592
245 1 0 _aPolitics and change in Al-Karak, Jordan :
_ba study of a small Arab town and its district /
_cPeter Gubser.
260 _aLondon,
_aNew York :
_bOxford University Press,
_cc1973.
300 _axiii, 189 p. :
_bill. ;
_c23 cm.
490 1 _aMiddle Eastern monographs ;
_v11
504 _aIncludes Index and Bibliography.
650 _aSocial Situation
_zJordania
_9194593
650 _aEconomic Situation
_zJordania
_9194594
651 0 _aQir Moav (Jordan)
_9194595
830 0 _aMiddle Eastern monographs ;
_v11.
_9194596
942 _2ddc
_cBK
949 _aMYGD
999 _c65805
_d65805